Lāristān-i kuhan, (Record no. 50960)
[ view plain ]
| 000 -LEADER | |
|---|---|
| fixed length control field | 00830cam a22002411 4500 |
| 001 - CONTROL NUMBER | |
| control field | ne 68004170 |
| 003 - CONTROL NUMBER IDENTIFIER | |
| control field | DLC |
| 005 - DATE AND TIME OF LATEST TRANSACTION | |
| control field | 20260227111849.0 |
| 008 - FIXED-LENGTH DATA ELEMENTS--GENERAL INFORMATION | |
| fixed length control field | 910222s1955 ir b 000 0 perr |
| 010 ## - LIBRARY OF CONGRESS CONTROL NUMBER | |
| LC control number | ne 68004170 |
| 035 ## - SYSTEM CONTROL NUMBER | |
| System control number | (OCoLC)23138986 |
| 040 ## - CATALOGING SOURCE | |
| Original cataloging agency | DLC |
| Transcribing agency | CU |
| Modifying agency | CU |
| -- | DLC |
| 042 ## - AUTHENTICATION CODE | |
| Authentication code | premarc |
| 050 00 - LIBRARY OF CONGRESS CALL NUMBER | |
| Classification number | DS324.L3 |
| Item number | I67 |
| 100 1# - MAIN ENTRY--PERSONAL NAME | |
| Personal name | Iqtidārī, Aḥmad. |
| 245 10 - TITLE STATEMENT | |
| Title | Lāristān-i kuhan, |
| Remainder of title | darbārah-i Lāristān-i qadīm. |
| Statement of responsibility, etc. | Taʼlīf-i Aḥmad Iqtidārī. |
| 246 1# - VARYING FORM OF TITLE | |
| Display text | Title on p. [4] of cover: |
| Title proper/short title | Lârestân-e-kohan |
| 260 ## - PUBLICATION, DISTRIBUTION, ETC. | |
| Place of publication, distribution, etc. | Tihrān, |
| Date of publication, distribution, etc. | 1334 [1955] |
| 300 ## - PHYSICAL DESCRIPTION | |
| Extent | 221 p. |
| Dimensions | 22 cm. |
| 504 ## - BIBLIOGRAPHY, ETC. NOTE | |
| Bibliography, etc. note | Bibliography: p. 20-26. |
| 505 0# - FORMATTED CONTENTS NOTE | |
| Formatted contents note | Taḥqīqāt dar bārah-i tārīkh-i va jughrāfiyāy-i tārīkhī-i Lāristān-i rajāl-i ʻilmī, Shāʻirān va Mulfīn Lāristān. |
| 651 #0 - SUBJECT ADDED ENTRY--GEOGRAPHIC NAME | |
| Geographic name | Lāristān (Iran : Region) |
No items available.